| 000 | 01121nam a22003610a 4500 | ||
|---|---|---|---|
| 001 | PT39022 | ||
| 003 | AR-LpoUNG | ||
| 005 | 20210516203318.0 | ||
| 008 | 191001s1970||||xxu|||||||||||||||||eng d | ||
| 020 |
_a0870142089 _c$10.60 |
||
| 040 |
_aAR-LpoUNG _bspa _cAR-LpoUNG _eaacr |
||
| 041 | _aeng | ||
| 044 | _axxu | ||
| 082 | 0 | _a382.6 539tec | |
| 111 | 2 | _aConference of the University-National Bureau Committee for Economic Research, New York, 20 abril 1968 | |
| 245 | 1 | 4 | _aThe technology factor in international trade |
| 250 | _a1° ed. | ||
| 260 |
_aNew York : _bColumbia University, _c1970. |
||
| 300 |
_ax, 491 p. : _btbls. |
||
| 650 | 4 | _aCAMBIO TECNOLOGICO | |
| 650 | 4 | _aCOMERCIO INTERNACIONAL | |
| 650 | 4 | _aCONOCIMIENTOS TECNOLOGICOS | |
| 650 | 4 | _aESTUDIOS DE CASOS | |
| 650 | 4 | _aEXPORTACIONES | |
| 650 | 4 | _aTECNOLOGIA | |
| 650 | 4 | _aTEORIA DEL DESARROLLO | |
| 651 | 4 | _aMundial | |
| 700 | 1 |
_aVernon, Raymond _eed. |
|
| 710 | 2 | _aNational Bureau of Economic Research (Nueva York) | |
| 710 | 2 | _aUniversities - National Bureau Committee for Economic Research | |
| 905 | _a39022 | ||
| 942 | _cLIB | ||
| 999 |
_c57744 _d57744 |
||